Click the Capitals: B Quiz Stats

Quiz Updated May 7, 2016

Challenge
Share
Tweet
Score 0/26 Timer 03:00
21 Plays Today
% Correct
Beijing
94.4%
Brasília
94.2%
Berlin
92.2%
Buenos Aires
91.4%
Brussels
91.3%
Bangkok
91%
Bogotá
89.7%
Baghdad
88.1%
Bern
87.3%
Beirut
83.3%
Belgrade
81.1%
Bucharest
78.3%
Budapest
75.6%
% Correct
Bishkek
74.3%
Bratislava
69.4%
Bandar Seri Begawan
67.3%
Baku
61.7%
Belmopan
61.5%
Bissau
60.2%
Bridgetown
56.8%
Bujumbura
55%
Bamako
54.9%
Bangui
54%
Brazzaville
52.2%
Basseterre
49%
Banjul
41.5%

You're not logged in!

Compare scores with friends on all Sporcle quizzes.
Join for Free
OR
Log In

You Might Also Like...

Show Comments

Extras

Top Quizzes Today


Score Distribution

Your Account Isn't Verified!

In order to create a playlist on Sporcle, you need to verify the email address you used during registration. Go to your Sporcle Settings to finish the process.

Report this User

Report this user for behavior that violates our Community Guidelines.

Details: